HBR's 10 must reads on managing across cultures. (Record no. 17524)

000 -LEADER
fixed length control field 00600cam a2200205 i 4500
020 ## - INTERNATIONAL STANDARD BOOK NUMBER
ISBN 9781633691629 (pbk. : alk. paper)
040 ## - CATALOGING SOURCE
Transcribing agency DLC
082 00 - DEWEY DECIMAL CLASSIFICATION NUMBER
Classification number 658 HAR 2016 A116 Or.
245 00 - TITLE STATEMENT
Title HBR's 10 must reads on managing across cultures.
246 30 - VARYING FORM OF TITLE
Title proper/short title Managing across cultures
300 ## - PHYSICAL DESCRIPTION
Number of Pages v, 162 pages ;
Dimensions 21 cm.
490 0# - SERIES STATEMENT
Series statement HBR's 10 must reads
500 ## - GENERAL NOTE
General note Includes index.
650 #0 - SUBJECT ADDED ENTRY--TOPICAL TERM
Topical Term International business enterprises
650 #0 - SUBJECT ADDED ENTRY--TOPICAL TERM
Topical Term Management
650 #0 - SUBJECT ADDED ENTRY--TOPICAL TERM
Topical Term Corporate culture
650 #0 - SUBJECT ADDED ENTRY--TOPICAL TERM
Topical Term Diversity in the workplace
710 2# - ADDED ENTRY--CORPORATE NAME
Corporate name or jurisdiction name as entry element Harvard Business Review Press,
942 ## - ADDED ENTRY ELEMENTS (KOHA)
Koha item type ADB
952 ## - LOCATION AND ITEM INFORMATION (KOHA)
Withdrawn status [LOCAL, KOHA] 0
Holdings
Permanent Location Date acquired Koha item type Lost status Shelving location Barcode Current Location Full call number
Library Block A2018-12-05សៀវភៅភាសាអង់គ្លេស A116A36902Library Block A658 HAR 2016 A116 Or.
មជ្ឈមណ្ឌលឯការនៃសាកលវិទ្យាល័យភូមិន្ទកសិកម្មចំការដូង

Powered by Koha